000 00714nam a2200253Ia 4500
003 OSt
005 20220918164603.0
006 a|||||r|||| 00| 0
007 ta
008 220917b |||||||| |||| 00| 0 eng d
020 _a0691078122 (pbk)
024 _a156,649
037 _cTextual
040 _aARTS
_cARTS
_beng
041 _2eng
_aeng
082 _aX:5.1, M9
100 _aRogowski Ronald
_919594
245 0 _aCommerce and coalitions
_b how trade affects domestic political alignments
260 _aPrinceton
_bPrinceton University Press
_c1989
300 _axvii, 208p.
_ccm.
650 _aECONOMICS
942 _hX:5.1, M9
_cTEXL
_2CC
999 _c125459
_d125459